| 000 | 00528nam a2200181Ia 4500 | ||
|---|---|---|---|
| 008 | 090123s9999 xx 000 0 und d | ||
| 082 | _b33624 | ||
| 100 | _aमांडे अरुण | ||
| 245 | _aरोबो कॉर्नर | ||
| 250 | _a1 | ||
| 260 |
_bयशोदा प्रकाशन _c2001 |
||
| 300 | _a164 | ||
| 600 | _aमांडे अरुण | ||
| 630 | _aरोबो कॉर्नर | ||
| 700 | _aमांडे अरुण | ||
| 730 | _aरोबो कॉर्नर | ||
| 942 | _cBOOK | ||
| 999 |
_c71683 _d71683 |
||